000 00183nam a2200085Ia 4500
008 120527s9999 xx 000 0 und d
100 _aLocke & kart
245 _aPhilosophy
942 _cBK
999 _c27761
_d27761